000 00956nam a22002897i 4500
003 EG-GICUC
005 20260204191208.0
008 260204s1928 fr ||||fr|||| 000 0 fre d
040 _aEG-GiCUC
_bfre
_cEG-GiCUC
_dEG-GiCUC
_eRda
082 0 4 _221
_a341.83051
_bES . D
092 0 4 _221
099 _aLaw1 12 341.83051 ES . D 1928
100 1 _aEscarra, Jean
_eAuteur
245 1 0 _aDroits Et Intérêts Étrangers En Chine /
_cJean Escarra ; Wang Chung-hui.
264 1 _aparis :
_bLibrairie Du Recueil Sirey,
_c1928.
300 _a88 page :
_billustration ;
_c 24 cm.
336 _2rda contenu
_a texte
337 _2rda medias
_aOrdinateur
338 _2 transporteur rda
_a Ressource en ligne
546 _aTexte en français
650 1 4 _aDroit international privé
_2
651 1 _2
700 1 _aChung-hui, Wang
_ePréfacier
856 4 0 _uhttps://fll.law.cu.edu.eg/fulltext/bks/B12-02191.pdf
905 _a50
942 _2ddc
_cBK
_e21
_n0
999 _c61134
_d61134